| 000 | 01097nam a2200157Ia 4500 | ||
|---|---|---|---|
| 008 | 220216s9999 xx 000 0 und d | ||
| 100 | _aHong L T | ||
| 245 | 0 | _aProtection and preservation options for rubberwood sawn timber and finished products | |
| 260 |
_bIn: Proceedings of the 2nd Rubberwood Seminar, 19-20 November 1985, Forest Research Institute of Malaysia, Kuala Lumpur, Malaysia, pp.49-63. _c1985 |
||
| 520 | _aThe conventional dipping method for the treatment of rubberwood will not be acceptable in the near future. Other optios of preservative treatment which provide long-term protection of rubberwood are given. Processes using aqueous preservatives such as copper-chrome-arsenic, borax, alkylammonium compounds, synthetic pyrethroids etc are discussed. The selection of any particular preservative process should relate to factors that are of prime importance to the cost of production and processing schedule so that effective and economical protection is obtained. | ||
| 650 | _aRubberwood | ||
| 700 | _aSelamat S | ||
| 700 | _aSingh K D | ||
| 700 | _aTam M K | ||
| 942 | _cBO | ||
| 999 |
_c48098 _d48098 |
||